Managing digital rights (Record no. 108506)

MARC details
000 -LEADER
fixed length control field 01235cam a22002655a 4500
001 - CONTROL NUMBER
control field L144428
008 - FIXED-LENGTH DATA ELEMENTS--GENERAL INFORMATION
fixed length control field 080717s2005 xxk f 001 0 eng d
035 ## - SYSTEM CONTROL NUMBER
System control number (Sirsi) u144428
041 0# - LANGUAGE CODE
Language code of text/sound track or separate title eng
050 04 - LIBRARY OF CONGRESS CALL NUMBER
Classification number 025.12 $2 22
245 00 - TITLE STATEMENT
Title Managing digital rights
Remainder of title a practitioner's guide
260 ## - PUBLICATION, DISTRIBUTION, ETC.
Place of publication, distribution, etc. London
Name of publisher, distributor, etc. Facet
Date of publication, distribution, etc. 2005
300 ## - PHYSICAL DESCRIPTION
Extent xxiv, 125p.
Dimensions 25cm.
505 2# - FORMATTED CONTENTS NOTE
Formatted contents note Setting the scene -- Digital rights management: an international perspective -- The right to digitise: gaining copyright clearance -- The right to teach -- The corporate rights holder's perspective
520 ## - SUMMARY, ETC.
Summary, etc. Intended as a practical guide to the use of digital content. Deals with how electronic information can be used legitimately. Suggests practical ways in which copyright clearance can be obtained, whilst keeping administration to a minimum. Covers: what is digital rights management?; the right to digitise; implications for teaching and learning.
521 20 - TARGET AUDIENCE NOTE
Target audience note Advanced
651 #4 - SUBJECT ADDED ENTRY--GEOGRAPHIC NAME
Geographic name England and Wales
Chronological subdivision 1543-
690 ## - LOCAL SUBJECT ADDED ENTRY--TOPICAL TERM (OCLC, RLIN)
Topical term or geographic name as entry element MANAGEMENT-BUSINESS MANAGEMENT-INFORMATION MANAGEMENT
700 1# - ADDED ENTRY--PERSONAL NAME
Personal name Pedley, Paul
Relator term Editor
700 1# - ADDED ENTRY--PERSONAL NAME
Personal name Norman, Stanley
700 1# - ADDED ENTRY--PERSONAL NAME
Personal name Pickering, Helen
700 1# - ADDED ENTRY--PERSONAL NAME
Personal name Purdy, Linda
700 1# - ADDED ENTRY--PERSONAL NAME
Personal name Watson, Ian
942 ## - ADDED ENTRY ELEMENTS (KOHA)
Suppress in OPAC 0
Holdings
Withdrawn status Lost status Source of classification or shelving scheme Damaged status Not for loan Home library Current library Shelving location Date acquired Total Checkouts Full call number Barcode Date last seen Copy number Price effective from Koha item type
    Dewey Decimal Classification     London London Books 17/07/2008   025.12 PED 30074429 06/08/2019 1 06/08/2019 Book